000
00286nam a2200121Ia 4500
008
221030s9999 xx 000 0 und d
041
_a
English
100
_a
M. Mitchell
245
3
_a
An Introduction To Genetic Algorithms
_c
by M. Mitchell
260
_c
0
650
_a
Mc
942
_c
BK
999
_c
16894
_d
16894